UM Logo
Normal view MARC view
  • Ocampo, Karl R.

Entry Personal Name

Number of records used in: 1

001 - CONTROL NUMBER

  • control field: 46717

003 - CONTROL NUMBER IDENTIFIER

  • control field: OSt

005 - DATE AND TIME OF LATEST TRANSACTION

  • control field: 20221108150813.0

008 - FIXED-LENGTH DATA ELEMENTS

  • fixed length control field: 221108|| aca||aabn | a|a d

040 ## - CATALOGING SOURCE

  • Original cataloging agency: OSt
  • Transcribing agency: OSt

100 ## - HEADING--PERSONAL NAME

  • Personal name: Ocampo, Karl R.

670 ## - SOURCE DATA FOUND

  • Source citation: Work cat.: (OSt): Ocampo, Karl R., Gov't to restrict entry of food imports to 5 major ports /, January 9, 2020.